000 00448nam a22001817a 4500
003 koha_MIRAKIL
005 20231213095401.0
008 231213b |||||||| |||| 00| 0 ||| d
020 _b978-9-75101963-9
040 _aTR-IsEVY
_btur
_cTR-IsEVY
082 _a800 KUD/B
100 _aKUDRET, CEVDET.
245 0 _aBATI EDEBİYATINDAN SEÇME PARÇALAR.
260 _bİNKILAP,
_c2008
300 _a495.
650 _aEdebiyat.
942 _2ddc
_cBK
999 _c2712
_d2712